[Event "ONJK 2017 B"]
[Site "Borne, Netherlands"]
[Date "2017.08.08"]
[Round "2"]
[White "Vitharana, Annelies"]
[Black "Vermet, Thomas"]
[Result "1-0"]
[WhiteElo "1789"]
[BlackElo "1137"]
[PlyCount "37"]
[EventDate "2017.08.??"]

1. e4 e5 2. f4 d6 3. Nf3 Nc6 4. Nc3 Nf6 5. Bb5 Bg4 6. d3 a6 7. Bxc6+ bxc6 8. h3
Bxf3 9. Qxf3 Be7 10. fxe5 dxe5 11. Be3 Qd6 12. O-O O-O 13. Ne2 Nd7 14. Ng3 Qg6
15. Nf5 Rae8 16. Qe2 Bg5 17. Rf3 Bxe3+ 18. Qxe3 Qe6 19. Rg3 1-0

[Event "ONJK 2017 B"]
[Site "Borne, Netherlands"]
[Date "2017.08.08"]
[Round "2"]
[White "Hungeling, Lisa"]
[Black "De Vries, Tobias"]
[Result "0-1"]
[WhiteElo "770"]
[BlackElo "1747"]
[PlyCount "54"]
[EventDate "2017.08.??"]

1. e4 c6 2. Nf3 d5 3. Nc3 dxe4 4. Nxe4 Bf5 5. Nc3 Nf6 6. d3 Nbd7 7. d4 e6 8.
Ne5 Nxe5 9. dxe5 Qxd1+ 10. Nxd1 Ng4 11. Ne3 Nxe3 12. Bxe3 Bxc2 13. Rc1 Bb4+ 14.
Bd2 Bxd2+ 15. Kxd2 Be4 16. Rc4 Bd5 17. Rc3 O-O-O 18. Rd3 Bxa2 19. Kc3 Rxd3+ 20.
Bxd3 Bd5 21. f3 Rd8 22. Rd1 h6 23. Rd2 b6 24. Ba6+ Kc7 25. Kb4 c5+ 26. Kb5 Bc6+
27. Kc4 Rxd2 0-1

[Event "ONJK 2017 B"]
[Site "Borne, Netherlands"]
[Date "2017.08.08"]
[Round "2"]
[White "Van Aken, Jelmer"]
[Black "Baselmans, Luuk"]
[Result "0-1"]
[WhiteElo "1395"]
[BlackElo "1947"]
[PlyCount "170"]
[EventDate "2017.08.??"]

1. e4 e6 2. d4 d5 3. exd5 exd5 4. Nf3 Bd6 5. Nc3 c6 6. h3 Ne7 7. Bd3 O-O 8. O-O
Bf5 9. Re1 Bxd3 10. Qxd3 Nd7 11. Ne2 Ng6 12. b3 Re8 13. c4 Nf6 14. Bg5 dxc4 15.
bxc4 h6 16. Bd2 Ne4 17. Be3 Qa5 18. c5 Bf8 19. Nd2 Nxd2 20. Bxd2 Qc7 21. Rab1
Rad8 22. Qa3 b6 23. cxb6 axb6 24. Qb3 b5 25. a4 Rb8 26. Qc2 b4 27. Qc4 Qb6 28.
Rec1 Qa5 29. Nf4 Nxf4 30. Bxf4 Rb6 31. Bc7 Rc8 32. Bxb6 Qxb6 33. Ra1 Qa5 34.
Re1 Bd6 35. Re3 Rc7 36. Rd3 Rc8 37. d5 c5 38. Re3 Ra8 39. Qg4 Qc7 40. Qc4 g6
41. Qb5 Kg7 42. Re4 Rb8 43. Qc6 Qxc6 44. dxc6 Rc8 45. a5 Rxc6 46. a6 Rc8 47. a7
Ra8 48. Kf1 Kf6 49. Ke2 Kf5 50. f3 b3 51. Rea4 b2 52. Rb1 Be5 53. g4+ Ke6 54.
Kd3 Kd5 55. Kc2 Kc6 56. Kb3 Kb6 57. Kc4 Bd4 58. h4 Rxa7 59. Rxa7 Kxa7 60. f4
Kb6 61. Rf1 Ka5 62. Kb3 Kb5 63. Rd1 c4+ 64. Kc2 Kc5 65. Rd2 c3 66. Rd1 h5 67.
g5 Kd5 68. Re1 Bf2 69. Rf1 Bxh4 70. Kxc3 Ke4 71. Kxb2 Bg3 72. Kc2 Bxf4 73. Kd1
Kf5 74. Ke2 Kxg5 75. Kf3 Kf5 76. Kg2 Kg4 77. Kf2 Bg3+ 78. Kg2 f5 79. Rb1 h4 80.
Rb6 h3+ 81. Kh1 g5 82. Rb4+ Bf4 83. Kg1 Kf3 84. Rb3+ Be3+ 85. Kh2 g4 0-1

[Event "ONJK 2017 B"]
[Site "Borne, Netherlands"]
[Date "2017.08.08"]
[Round "2"]
[White "Warmerdam, Ivo"]
[Black "Schaefer, Daniel"]
[Result "0-1"]
[WhiteElo "1537"]
[BlackElo "1792"]
[PlyCount "58"]
[EventDate "2017.08.??"]

1. e4 e6 2. d4 d5 3. Nd2 Nf6 4. e5 Nfd7 5. Bd3 c5 6. c3 Nc6 7. Ne2 Qb6 8. Nf3
cxd4 9. cxd4 Be7 10. O-O f6 11. exf6 Nxf6 12. Re1 O-O 13. Nf4 Re8 14. Nxe6 Bb4
15. Neg5 Bxe1 16. Nxe1 Bg4 17. Ngf3 Nxd4 18. Be3 Rxe3 19. fxe3 Nxf3+ 20. Nxf3
Qxe3+ 21. Kh1 Re8 22. h3 Bh5 23. Rc1 Ne4 24. Bxe4 dxe4 25. Rc7 exf3 26. Qd5+
Kh8 27. Qxh5 f2 28. Qf7 Qe1+ 29. Kh2 Qe5+ 0-1

[Event "ONJK 2017 B"]
[Site "Borne, Netherlands"]
[Date "2017.08.08"]
[Round "2"]
[White "Nies, Levi"]
[Black "Butzen, Robin"]
[Result "0-1"]
[WhiteElo "1351"]
[BlackElo "1825"]
[PlyCount "98"]
[EventDate "2017.08.??"]

1. e4 c5 2. Nc3 Nc6 3. f4 g6 4. Nf3 Bg7 5. Bc4 e6 6. d3 Nge7 7. O-O O-O 8. Qe1
d5 9. Bb3 Rb8 10. a4 a6 11. Qh4 b5 12. Ng5 h6 13. Nf3 c4 14. Ba2 f5 15. e5 b4
16. Ne2 b3 17. cxb3 cxb3 18. Bb1 Bd7 19. d4 Na5 20. Bd2 Nc4 21. Bc3 Qe8 22. a5
Bb5 23. Bb4 Rf7 24. Nc3 Nxb2 25. Nxb5 Rxb5 26. Bc5 Nc6 27. Bb6 Nc4 28. Bd3
N6xa5 29. Bxa5 Rxa5 30. Rxa5 Nxa5 31. Bxa6 Nc4 32. Rb1 Ra7 33. Bxc4 dxc4 34.
Nd2 Ra4 35. Qg3 Kf7 36. Qf3 Qb5 37. Nxb3 Rb4 38. Nd2 Rxb1+ 39. Nxb1 Qxb1+ 40.
Kf2 Qb2+ 41. Kg3 Qb3 42. Kf2 Qxf3+ 43. Kxf3 Bf8 44. Ke3 Bb4 45. g3 Ke7 46. h4
h5 47. d5 exd5 48. Kd4 Bc5+ 49. Kc3 Bf2 0-1

[Event "ONJK 2017 B"]
[Site "Borne, Netherlands"]
[Date "2017.08.08"]
[Round "2"]
[White "Salem Elier, Ali"]
[Black "De Smedt, Lias"]
[Result "1-0"]
[WhiteElo "1962"]
[BlackElo "1271"]
[PlyCount "85"]
[EventDate "2017.08.??"]

1. e4 e5 2. Nf3 Nc6 3. Bc4 Bc5 4. b4 Bxb4 5. c3 Ba5 6. d4 d6 7. d5 Nce7 8. O-O
Nf6 9. Bg5 Ng6 10. Qa4+ Bd7 11. Qxa5 h6 12. Bxf6 Qxf6 13. Nbd2 Nf4 14. Kh1 Qd8
15. g3 Nh5 16. Bb5 O-O 17. Rab1 b6 18. Qa4 Bg4 19. Bc6 Rb8 20. Qxa7 Nf6 21. Ng1
Qc8 22. Kg2 Kh8 23. f3 Bd7 24. Qa4 Qd8 25. Bxd7 Nxd7 26. f4 Ra8 27. Qc2 exf4
28. Rxf4 Nc5 29. Nb3 Nd7 30. Rbf1 Ne5 31. R1f2 Qd7 32. Nf3 Ng4 33. Re2 f5 34.
Nh4 Ne5 35. exf5 Rf6 36. Nd4 c6 37. dxc6 Nxc6 38. Qe4 Rc8 39. Ng6+ Kg8 40. Nxc6
Qxc6 41. Qxc6 Rxc6 42. Re8+ Kf7 43. Rf8# 1-0

[Event "ONJK 2017 B"]
[Site "Borne, Netherlands"]
[Date "2017.08.08"]
[Round "2"]
[White "Honkoop, Mark"]
[Black "Bruening, Silas"]
[Result "1/2-1/2"]
[WhiteElo "1733"]
[BlackElo "1142"]
[PlyCount "100"]
[EventDate "2017.08.??"]

1. e4 c5 2. Nf3 d6 3. Bb5+ Nd7 4. O-O a6 5. Bxd7+ Bxd7 6. Re1 e6 7. c3 Nf6 8.
d4 cxd4 9. cxd4 Be7 10. Qb3 Bc6 11. Nc3 d5 12. e5 Nd7 13. Bf4 b5 14. Nd2 Nb6
15. Ne2 Rc8 16. Qg3 g5 17. Be3 h5 18. f4 g4 19. Bf2 Bb7 20. b3 Rg8 21. Qd3 Rg7
22. Rec1 Rxc1+ 23. Rxc1 Ba3 24. Rc2 Bb4 25. Nb1 Be7 26. Qc3 Kd7 27. Be1 Rg8 28.
Qd3 Qf8 29. Ba5 Bd8 30. Qc3 Nc8 31. Bb4 Ne7 32. Nc1 Bb6 33. Nd3 Qc8 34. Nc5+
Bxc5 35. Qxc5 Qxc5 36. Rxc5 Nf5 37. Bc3 Rc8 38. Rxc8 Bxc8 39. b4 Kc6 40. Kf2 h4
41. Nd2 Kd7 42. Nf1 Ke7 43. Ne3 Nxe3 44. Kxe3 f6 45. exf6+ Kxf6 46. Be1 h3 47.
gxh3 gxh3 48. Kf3 Kf5 49. Bh4 Bd7 50. Be7 Be8 1/2-1/2

[Event "ONJK 2017 B"]
[Site "Borne, Netherlands"]
[Date "2017.08.08"]
[Round "2"]
[White "Eelsingh, Janko"]
[Black "Joosse, Xander"]
[Result "0-1"]
[WhiteElo "1202"]
[BlackElo "1536"]
[PlyCount "74"]
[EventDate "2017.08.??"]

1. d4 d5 2. Bf4 Bf5 3. e3 Nf6 4. c4 c6 5. Nc3 e6 6. Qb3 Qd7 7. Nf3 Nh5 8. Ne5
Qe7 9. Bg3 Nxg3 10. hxg3 f6 11. Nf3 Qb4 12. Nh4 Qxb3 13. axb3 Bc2 14. cxd5 exd5
15. Nf3 Bb4 16. Kd2 Bxb3 17. Bd3 h6 18. Bg6+ Kd8 19. g4 Nd7 20. g5 Nf8 21. Bd3
Nd7 22. gxf6 Nxf6 23. Ne5 Kc7 24. f3 a5 25. g4 a4 26. g5 hxg5 27. Rxh8 Rxh8 28.
Rg1 Rh2+ 29. Be2 g4 30. Nxg4 Nxg4 31. Rxg4 Bxc3+ 32. bxc3 Bc4 33. Rxg7+ Kb6 34.
Kc1 Rxe2 35. f4 a3 36. Kb1 a2+ 37. Ka1 Re1+ 0-1

[Event "ONJK 2017 B"]
[Site "Borne, Netherlands"]
[Date "2017.08.08"]
[Round "2"]
[White "Resing, Marvin"]
[Black "Schalm, Jacob"]
[Result "1-0"]
[WhiteElo "1534"]
[BlackElo "1018"]
[PlyCount "63"]
[EventDate "2017.08.??"]

1. e4 e5 2. Bc4 Nf6 3. d4 Bd6 4. Nf3 Nc6 5. O-O O-O 6. Bg5 h6 7. Bh4 Re8 8. Re1
Bf8 9. dxe5 Nxe5 10. Nxe5 Rxe5 11. f4 Re8 12. e5 g5 13. fxg5 Nh7 14. g6 Bc5+
15. Kh1 Qxh4 16. gxf7+ Kf8 17. fxe8=Q+ Kxe8 18. Nd2 b6 19. Qf3 c6 20. Qf7+ Kd8
21. Qxh7 Bf2 22. Rf1 Be3 23. Qe4 Qg5 24. Nf3 Qg7 25. Qxe3 Bb7 26. e6 dxe6 27.
Rad1+ Kc7 28. Qe5+ Qxe5 29. Nxe5 c5 30. Rd7+ Kb8 31. Rf8+ Bc8 32. Nc6# 1-0

[Event "ONJK 2017 B"]
[Site "Borne, Netherlands"]
[Date "2017.08.08"]
[Round "2"]
[White "Meijer, Kim"]
[Black "Kanbier, Guy"]
[Result "0-1"]
[WhiteElo "1106"]
[BlackElo "1487"]
[PlyCount "86"]
[EventDate "2017.08.??"]

1. e4 e5 2. Nf3 d6 3. d4 exd4 4. Nxd4 Nf6 5. Nc3 Be7 6. Bc4 O-O 7. O-O a6 8. a4
Bd7 9. Bb3 Nc6 10. Be3 Nxd4 11. Qxd4 c5 12. Qd2 b5 13. Bd5 b4 14. Bxa8 bxc3 15.
Qxc3 Qxa8 16. f3 Qc6 17. Qd3 Be6 18. Bg5 c4 19. Qd2 h6 20. Bf4 d5 21. e5 Nd7
22. Bg3 Qb6+ 23. Kh1 Bc5 24. c3 Bf5 25. Rfd1 Re8 26. f4 Bg4 27. Rdb1 d4 28. b4
dxc3 29. Qc2 Bd4 30. h3 Bh5 31. Bh2 Bg6 32. f5 Bh7 33. b5 a5 34. Re1 Kf8 35. g4
Nxe5 36. Bxe5 Bxe5 37. Qe2 Qb8 38. Qxc4 g6 39. Qc5+ Kg7 40. Qf2 Bf6 41. Rxe8
Qxe8 42. Rb1 Qe4+ 43. Kh2 Be5+ 0-1

[Event "ONJK 2017 B"]
[Site "Borne, Netherlands"]
[Date "2017.08.08"]
[Round "2"]
[White "Zuurmond, Derek"]
[Black "Keetelaar, Denny"]
[Result "1/2-1/2"]
[WhiteElo "1471"]
[BlackElo "937"]
[PlyCount "106"]
[EventDate "2017.08.??"]

1. e4 e5 2. f4 d5 3. exd5 Qxd5 4. fxe5 Qxe5+ 5. Qe2 Nc6 6. Nf3 Qxe2+ 7. Bxe2
Bf5 8. d3 Bc5 9. Bd2 O-O-O 10. Nc3 Bg4 11. O-O-O Nf6 12. h3 Be6 13. Ng5 Nd4 14.
Nxe6 Nxe2+ 15. Nxe2 fxe6 16. Bg5 Rd5 17. Bxf6 gxf6 18. d4 Bd6 19. Rhf1 Rf8 20.
Nf4 Bxf4+ 21. Rxf4 Rg5 22. Rd2 Rg3 23. Rh4 Rf7 24. Rh6 Kd7 25. Rf2 f5 26. Kd2
Rg6 27. Rxg6 hxg6 28. Ke3 Kd6 29. Kf4 g5+ 30. Kf3 g4+ 31. Kf4 gxh3 32. gxh3 Rh7
33. Rh2 Rh4+ 34. Ke3 Kd5 35. c3 Kc4 36. Kf3 Kd3 37. Kg3 Re4 38. h4 Ke3 39. Rh3
Ke2 40. h5 Re3+ 41. Kg2 Rxh3 42. Kxh3 f4 43. h6 f3 44. h7 f2 45. h8=Q f1=Q+ 46.
Kg4 Qf3+ 47. Kg5 Qf5+ 48. Kh6 Kd2 49. Qe5 Qf7 50. Qg7 Qxg7+ 51. Kxg7 Kc2 52.
Kf6 Kxb2 53. Kxe6 Kxc3 1/2-1/2

[Event "ONJK 2017 B"]
[Site "Borne, Netherlands"]
[Date "2017.08.08"]
[Round "2"]
[White "Tiemens, Tygo"]
[Black "Kroon, Gerbrich"]
[Result "0-1"]
[WhiteElo "1015"]
[BlackElo "1467"]
[PlyCount "66"]
[EventDate "2017.08.??"]

1. e4 c6 2. Nf3 d5 3. Nc3 dxe4 4. Nxe4 Nd7 5. Bc4 Ngf6 6. Neg5 Nd5 7. O-O e6 8.
d4 Be7 9. Qd3 h6 10. Ne4 O-O 11. Ng3 N5f6 12. Nh4 c5 13. d5 exd5 14. Bxd5 Ne5
15. Bxf7+ Rxf7 16. Qxd8+ Bxd8 17. Nhf5 Bxf5 18. Nxf5 Kh7 19. Be3 Nfd7 20. Nd6
Rf6 21. Nxb7 Bb6 22. Bd2 Rb8 23. Na5 Bxa5 24. Bxa5 Rxb2 25. f4 Rxc2 26. fxe5
Rxf1+ 27. Kxf1 Nxe5 28. a3 Ng4 29. Kg1 Ne3 30. Rb1 Rxg2+ 31. Kh1 Ra2 32. Rb3
Ra1+ 33. Be1 Rxe1# 0-1

[Event "ONJK 2017 B"]
[Site "Borne, Netherlands"]
[Date "2017.08.08"]
[Round "2"]
[White "Hofstra, Tetske"]
[Black "Segers, Job"]
[Result "0-1"]
[WhiteElo "894"]
[BlackElo "1427"]
[PlyCount "126"]
[EventDate "2017.08.??"]

1. e4 e5 2. Nf3 Nf6 3. Bd3 Nc6 4. O-O Bc5 5. b3 d6 6. a4 Bg4 7. Ba3 Nb4 8. Bxb4
Bxb4 9. c3 d5 10. cxb4 dxe4 11. Be2 exf3 12. Bxf3 Qd4 13. Nc3 Bxf3 14. Qxf3
Qxb4 15. Qe2 Nd7 16. Nd5 Qd6 17. Qf3 O-O 18. h3 c6 19. Ne3 Nf6 20. Nc4 Qe7 21.
Rfe1 e4 22. Qf4 Rad8 23. f3 Qc5+ 24. Kh2 exf3 25. Qxf3 Rfe8 26. Rxe8+ Rxe8 27.
Qf1 h6 28. Rc1 Qb4 29. Rc3 Rd8 30. Qe1 b5 31. axb5 cxb5 32. Ne5 Qf4+ 33. Kh1
Ne4 34. Nd3 Rxd3 35. Rxd3 Nf2+ 36. Kg1 Nxd3 37. Qe8+ Kh7 38. Qd7 Qf2+ 39. Kh2
Ne1 40. Qg4 g6 41. Qg3 Qxg3+ 42. Kxg3 Kg7 43. Kf2 Nc2 44. g4 Kf6 45. Kg3 Ke5
46. h4 Nd4 47. b4 Nc2 48. Kg2 Nxb4 49. Kf3 a5 50. Ke3 a4 51. d4+ Kd5 52. Kd2
Kxd4 53. g5 h5 54. Kc1 Kc3 55. Kb1 a3 56. Ka1 Kb3 57. Kb1 a2+ 58. Kc1 a1=Q+ 59.
Kd2 Qe5 60. Kd1 Qh2 61. Ke1 Qg2 62. Kd1 Qf2 63. Kc1 Qc2# 0-1

[Event "ONJK 2017 B"]
[Site "Borne, Netherlands"]
[Date "2017.08.08"]
[Round "2.23"]
[White "Hofstra, Remmelt"]
[Black "Van Herreweghe, Jarno"]
[Result "1-0"]
[WhiteElo "815"]
[BlackElo "1365"]
[PlyCount "75"]
[EventDate "2017.08.??"]

1. e4 e5 2. Nf3 Nc6 3. Bb5 Bc5 4. Nc3 d6 5. h3 Bd7 6. d3 Nge7 7. Ng5 f6 8. Qh5+
g6 9. Qh6 Nd4 10. Bc4 fxg5 11. Qg7 Rf8 12. O-O c6 13. Bxg5 Be6 14. Qxh7 Bxc4
15. dxc4 Qd7 16. a3 O-O-O 17. Qxe7 Nxc2 18. Rad1 Rde8 19. Qxd7+ Kxd7 20. b4 Bd4
21. Ne2 Nxa3 22. Nxd4 exd4 23. Rxd4 Nc2 24. Rd2 Nxb4 25. c5 d5 26. exd5 cxd5
27. Rb1 a5 28. Ra1 Rf5 29. Be3 Ra8 30. Rb2 Kc6 31. Kf1 Nd3 32. Rb6+ Kc7 33.
Rab1 a4 34. Rxb7+ Kc8 35. Rg7 Rf8 36. Ke2 Ne5 37. Bf4 Nc6 38. Rc7+ 1-0

[Event "ONJK 2017 B"]
[Site "Borne, Netherlands"]
[Date "2017.08.08"]
[Round "3.1"]
[White "Decruyenaere, Robbert"]
[Black "Dai, Wenzhi"]
[Result "0-1"]
[WhiteElo "1818"]
[BlackElo "1899"]
[PlyCount "110"]
[EventDate "2017.08.??"]

1. d4 Nf6 2. Nf3 g6 3. c4 c5 4. e3 Bg7 5. Nc3 O-O 6. Bd3 d6 7. h3 Nc6 8. O-O
Bd7 9. b3 a6 10. Bb2 Re8 11. a3 Qc7 12. Qc2 b6 13. Rfe1 Qb7 14. d5 Na7 15. e4
e5 16. Nd2 Nh5 17. Ne2 b5 18. b4 Rac8 19. Qb3 Bh6 20. Bc1 Qc7 21. Nf1 Bxc1 22.
Rexc1 Qd8 23. Nd2 Bxh3 24. gxh3 Qg5+ 25. Ng3 Nxg3 26. fxg3 Qxd2 27. Re1 cxb4
28. axb4 bxc4 29. Bxc4 Qd4+ 30. Qe3 Rxc4 31. Rxa6 Nb5 32. Rb6 Qxe3+ 33. Rxe3
Rxb4 34. h4 Rb2 35. Rf3 Ra8 36. Rf2 Rxf2 37. Kxf2 Nc3 38. Rb4 Ra4 39. Rxa4 Nxa4
40. g4 h5 41. gxh5 gxh5 42. Ke2 Kg7 43. Kd3 Nc5+ 44. Ke3 f5 45. exf5 Kf6 46.
Kf3 Kxf5 47. Kg3 e4 48. Kf2 Kf4 49. Ke2 e3 50. Ke1 Kf3 51. Kf1 Nd3 52. Kg1 e2
53. Kh1 e1=Q+ 54. Kh2 Qg3+ 55. Kh1 Nf2# 0-1

[Event "ONJK 2017 B"]
[Site "Borne, Netherlands"]
[Date "2017.08.08"]
[Round "3.2"]
[White "Van Randtwijk, Mick"]
[Black "Vitharana, Annelies"]
[Result "1-0"]
[WhiteElo "1892"]
[BlackElo "1789"]
[PlyCount "69"]
[EventDate "2017.08.??"]

1. e4 d5 2. exd5 Nf6 3. Bb5+ Bd7 4. Be2 Nxd5 5. d4 e6 6. Nf3 c5 7. c4 Nf6 8. d5
exd5 9. cxd5 Bd6 10. O-O O-O 11. Bg5 h6 12. Bh4 Bf5 13. Nc3 a6 14. a4 Nbd7 15.
Bd3 Bxd3 16. Qxd3 Qc7 17. Rfe1 Rfe8 18. Ne4 Nxe4 19. Rxe4 Ne5 20. Nxe5 Rxe5 21.
Bg3 Rxe4 22. Qxe4 Bxg3 23. hxg3 Qd7 24. Rc1 Re8 25. Qc4 Re5 26. Rd1 Qd6 27. a5
Qe7 28. d6 Re1+ 29. Kh2 Qe5 30. Rxe1 Qxe1 31. Qxc5 Qd1 32. f3 Qd3 33. Qc8+ Kh7
34. d7 Qf5 35. d8=Q 1-0

[Event "ONJK 2017 B"]
[Site "Borne, Netherlands"]
[Date "2017.08.08"]
[Round "3.3"]
[White "De Vries, Tobias"]
[Black "Gijsen, William"]
[Result "0-1"]
[WhiteElo "1747"]
[BlackElo "1856"]
[PlyCount "94"]
[EventDate "2017.08.??"]

1. f4 e5 2. e4 d5 3. Nf3 dxe4 4. Nxe5 Bd6 5. Bc4 Nh6 6. Qe2 O-O 7. O-O Bxe5 8.
fxe5 Qd4+ 9. Kh1 Bg4 10. Qe3 Qxc4 11. d3 Qe6 12. Qg3 Bh5 13. h3 Nf5 14. Qg5 Bg6
15. dxe4 Nd4 16. Nc3 Nbc6 17. Bf4 Ne7 18. Rad1 Rad8 19. Be3 c5 20. Rf6 Qc4 21.
Rd6 Nec6 22. Nd5 Qe2 23. Rd2 Qh5 24. Nf6+ gxf6 25. Qxf6 Qxe5 26. Bxd4 Qxf6 27.
Bxf6 Rxd6 28. Rxd6 Bxe4 29. Rd2 Bg6 30. Rd5 Re8 31. Rxc5 Re6 32. Bc3 Bxc2 33.
Rd5 Rg6 34. Rd7 Be4 35. Rc7 f5 36. Rxb7 Rxg2 37. Rb3 a5 38. Ra3 Rxb2+ 39. Kg1
Rg2+ 40. Kf1 Rg3 41. Bb2 Rxa3 42. Bxa3 Bd5 43. Bb2 Bxa2 44. Ke2 Kf7 45. Kf3 Kg6
46. Kf4 a4 47. h4 h5 0-1

[Event "ONJK 2017 B"]
[Site "Borne, Netherlands"]
[Date "2017.08.08"]
[Round "3.4"]
[White "Hematyar, Fardin"]
[Black "Merkon, Oseb"]
[Result "0-1"]
[WhiteElo "1612"]
[BlackElo "1833"]
[PlyCount "64"]
[EventDate "2017.08.??"]

1. Nc3 d5 2. e4 d4 3. Nce2 b6 4. Ng3 Bb7 5. Bc4 Nf6 6. d3 e6 7. Nf3 Bb4+ 8. Bd2
Bxd2+ 9. Qxd2 Nc6 10. O-O O-O 11. Ng5 h6 12. Nh3 Na5 13. Bb3 c5 14. f4 Rc8 15.
a4 Ng4 16. f5 e5 17. Rf3 c4 18. Ba2 c3 19. bxc3 Rxc3 20. Raf1 Qc7 21. Bb1 f6
22. Nh5 Ne3 23. R1f2 Kh8 24. Rg3 Rf7 25. Re2 Ba6 26. Nf2 Qc8 27. Ng4 Bxd3 28.
cxd3 Nb3 29. Qa2 Rc1+ 30. Re1 Rxe1+ 31. Kf2 Rf1+ 32. Ke2 Nc1+ {Diagram #} 0-1

[Event "ONJK 2017 B"]
[Site "Borne, Netherlands"]
[Date "2017.08.08"]
[Round "3.5"]
[White "Van Dongen, Sam"]
[Black "Noordenbos, Daan"]
[Result "1/2-1/2"]
[WhiteElo "1856"]
[BlackElo "1606"]
[PlyCount "122"]
[EventDate "2017.08.??"]

1. d4 Nf6 2. Nc3 c5 3. Nf3 d5 4. Bg5 e6 5. e4 cxd4 6. Qxd4 Nc6 7. Bb5 Bd7 8.
Bxc6 bxc6 9. e5 c5 10. Qd2 h6 11. Bh4 g5 12. Nxg5 hxg5 13. Bxg5 Be7 14. Bxf6
Bxf6 15. exf6 Qxf6 16. O-O-O Rb8 17. Rhe1 Kf8 18. Qe3 Qh6 19. Qxh6+ Rxh6 20.
Rh1 f5 21. h3 Bc6 22. f3 Kf7 23. Rdf1 Rg8 24. g4 Rgh8 25. g5 Rxh3 26. Rxh3 Rxh3
27. f4 d4 28. Nd1 Kg6 29. Re1 Bd5 30. Nf2 Rh2 31. Nd3 Be4 32. b3 Kg7 33. Kb1
Bxd3 34. cxd3 Rf2 35. Rxe6 Rxf4 36. Re7+ Kg6 37. Rxa7 Kxg5 38. a4 Rh4 39. Rc7
f4 40. Rg7+ Kf6 41. Rg8 Kf7 42. Rg1 f3 43. Rf1 Rf4 44. Kc2 Ke6 45. Kd2 Rf8 46.
Rb1 Rh8 47. Rf1 Rf8 48. Rf2 Ke5 49. Ke1 Kf4 50. Rc2 Ke3 51. Rxc5 f2+ 52. Kf1
Kxd3 53. a5 Rb8 54. a6 Rxb3 55. Ra5 Ke3 56. Re5+ Kd3 57. Rf5 Ke4 58. Rf8 Ra3
59. Ra8 Kd5 60. a7 Kc6 61. Rc8+ Kb7 1/2-1/2

[Event "ONJK 2017 B"]
[Site "Borne, Netherlands"]
[Date "2017.08.08"]
[Round "3.6"]
[White "Baselmans, Luuk"]
[Black "Bilecen, Simon"]
[Result "1-0"]
[WhiteElo "1947"]
[BlackElo "1619"]
[PlyCount "139"]
[EventDate "2017.08.??"]

1. e4 c5 2. c3 d5 3. exd5 Qxd5 4. d4 e6 5. Nf3 Nf6 6. Be2 cxd4 7. cxd4 Nc6 8.
Nc3 Bb4 9. O-O Bxc3 10. bxc3 O-O 11. Bf4 b6 12. Nd2 Bb7 13. Bf3 Qf5 14. Bg3
Rad8 15. Re1 Qa5 16. Qb3 Nd5 17. Ne4 Qa6 18. Be2 Qa5 19. Rac1 Ba6 20. Bf3 b5
21. a3 Qb6 22. Nc5 Na5 23. Qa2 Nc4 24. a4 Qa5 25. Bxd5 Rxd5 26. Ra1 bxa4 27.
Qxa4 Qxa4 28. Rxa4 Bb5 29. Rxa7 Rc8 30. Rb1 Bc6 31. Rc7 Rdd8 32. Rxc8 Rxc8 33.
Rb8 Rxb8 34. Bxb8 Nd2 35. Bc7 Ne4 36. Nxe4 Bxe4 37. f3 Bd3 38. Bd6 f6 39. Kf2
Kf7 40. Ke3 Bc4 41. h4 g6 42. Ke4 h5 43. Ke3 g5 44. g3 Kg6 45. hxg5 fxg5 46.
Ke4 Kf6 47. Bc7 g4 48. Bd8+ Kg6 49. f4 Be2 50. Ke5 Bc4 51. Kd6 Kf5 52. Kc5 Ba6
53. d5 exd5 54. Kxd5 Kg6 55. c4 Kf7 56. c5 Ke8 57. Bg5 Kd7 58. c6+ Kc7 59. f5
Bd3 60. Ke6 Kxc6 61. f6 Bg6 62. f7 Bxf7+ 63. Kxf7 Kd7 64. Kg6 Ke8 65. Kxh5 Kf7
66. Kxg4 Kg6 67. Bf4 Kh7 68. Kh5 Kg7 69. g4 Kh7 70. Be5 1-0

[Event "ONJK 2017 B"]
[Site "Borne, Netherlands"]
[Date "2017.08.08"]
[Round "3"]
[White "Schaefer, Daniel"]
[Black "Salem Elier, Ali"]
[Result "0-1"]
[WhiteElo "1792"]
[BlackElo "1962"]
[PlyCount "50"]
[EventDate "2017.08.??"]

1. d4 g6 2. c4 Bg7 3. e4 d6 4. Nf3 Nf6 5. Nc3 O-O 6. Be2 e5 7. d5 Nbd7 8. Be3
h6 9. b4 Ng4 10. Bd2 f5 11. exf5 e4 12. Ng1 Nxf2 13. Kxf2 Rxf5+ 14. Nf3 exf3
15. Bxf3 Qh4+ 16. g3 Qxc4 17. Qb3 Qd3 18. Qd1 Bxc3 19. Bxc3 Qxc3 20. Rc1 Qf6
21. Kg2 Ne5 22. Rf1 Nxf3 23. Rxf3 Rxf3 24. Qxf3 Bh3+ 25. Kf2 Qb2+ 0-1

[Event "ONJK 2017 B"]
[Site "Borne, Netherlands"]
[Date "2017.08.08"]
[Round "3"]
[White "Kanbier, Guy"]
[Black "Ghebreab, Elnathan"]
[Result "0-1"]
[WhiteElo "1487"]
[BlackElo "1837"]
[PlyCount "38"]
[EventDate "2017.08.??"]

1. c4 e5 2. Nc3 Bb4 3. Na4 {(...)} d6 4. b3 f5 5. e3 Nf6 6. Bd3 O-O 7. Ne2 d5
8. O-O Nc6 9. Bb2 Ng4 10. h3 Nh6 11. Bc2 g5 12. f3 dxc4 13. d3 b5 14. Nac3 Bc5
15. Kf2 f4 16. d4 exd4 17. exd4 Nxd4 18. Be4 Re8 19. Bxa8 Nxe2+ 0-1

[Event "ONJK 2017 B"]
[Site "Borne, Netherlands"]
[Date "2017.08.08"]
[Round "3"]
[White "Martinez, Anna"]
[Black "Resing, Marvin"]
[Result "1/2-1/2"]
[WhiteElo "1837"]
[BlackElo "1534"]
[PlyCount "42"]
[EventDate "2017.08.??"]

1. d4 Nf6 2. c4 g6 3. Nc3 d5 4. Nf3 Bg7 5. Bf4 c6 6. e3 Bf5 7. Be2 Nbd7 8. O-O
O-O 9. h3 Re8 10. cxd5 Nxd5 11. Nxd5 cxd5 12. Bb5 a6 13. Ba4 Qb6 14. Ne5 Bxe5
15. Bxe5 Rec8 16. Bxd7 Bxd7 17. Qf3 Qb5 18. b3 Bf5 19. Rac1 Rc6 20. Qd1 Rac8
21. g4 Bd7 1/2-1/2

[Event "ONJK 2017 B"]
[Site "Borne, Netherlands"]
[Date "2017.08.08"]
[Round "3"]
[White "Butzen, Robin"]
[Black "Kroon, Gerbrich"]
[Result "1-0"]
[WhiteElo "1825"]
[BlackElo "1467"]
[PlyCount "65"]
[EventDate "2017.08.??"]

1. d4 d5 2. c4 c6 3. Nf3 Nf6 4. Nc3 dxc4 5. a4 Bf5 6. e3 e6 7. Bxc4 Nbd7 8. O-O
Bb4 9. Qb3 a5 10. Na2 Qe7 11. Nxb4 Qxb4 12. Qxb4 axb4 13. Bd2 Nb6 14. Bb3 Nfd5
15. Ne1 Nd7 16. f3 Bg6 17. e4 N5f6 18. Nd3 O-O 19. Bxb4 Rfd8 20. Rfd1 h6 21.
Kf2 Re8 22. Ne5 Nxe5 23. dxe5 Nh7 24. Rd7 b5 25. a5 Rec8 26. Bc5 Nf8 27. Rd6
Rc7 28. Rad1 Rcc8 29. Bb6 Re8 30. Rd8 Rexd8 31. Rxd8 Rxd8 32. Bxd8 Nd7 33. a6
1-0

[Event "ONJK 2017 B"]
[Site "Borne, Netherlands"]
[Date "2017.08.08"]
[Round "3"]
[White "Verheyen, Olivier"]
[Black "Thienpont, Xander"]
[Result "1-0"]
[WhiteElo "1731"]
[BlackElo "1443"]
[PlyCount "51"]
[EventDate "2017.08.??"]

1. e4 e5 2. Nf3 Nc6 3. Bc4 Bc5 4. c3 Bb6 5. d3 d6 6. Bb3 Be6 7. Bc2 h6 8. Nbd2
Nf6 9. h3 Qd7 10. Nf1 O-O-O 11. a4 a6 12. Qe2 Rhe8 13. b4 a5 14. b5 Ne7 15. Be3
Bxe3 16. Nxe3 b6 17. O-O g5 18. d4 exd4 19. cxd4 g4 20. hxg4 Bxg4 21. Nxg4 Qxg4
22. Qd3 Rg8 23. Ne1 Nh5 24. Bd1 Qg5 25. Qh3+ Kb8 26. Bxh5 1-0

[Event "ONJK 2017 B"]
[Site "Borne, Netherlands"]
[Date "2017.08.08"]
[Round "3"]
[White "Segers, Job"]
[Black "Schelleman, Iris"]
[Result "0-1"]
[WhiteElo "1427"]
[BlackElo "1730"]
[PlyCount "78"]
[EventDate "2017.08.??"]

1. e4 e5 2. Nf3 Nc6 3. Nc3 Bc5 4. Nxe5 Bxf2+ 5. Kxf2 Nxe5 6. d4 Ng6 7. Bc4 Qf6+
8. Kg1 d6 9. Nd5 Qd8 10. Nf4 Nf6 11. Nxg6 hxg6 12. Bg5 c6 13. Qf1 Rf8 14. Re1
Qb6 15. Bxf6 gxf6 16. Qxf6 Qb4 17. Qf1 Be6 18. d5 Qc5+ 19. Qf2 Qxc4 20. dxe6
fxe6 21. Qg3 Qd4+ 22. Re3 O-O-O 23. h3 Qxb2 24. Rb3 Qc1+ 25. Kh2 Qf4 26. Re1 e5
27. Kg1 Rf6 28. Qc3 Qf2+ 29. Kh1 Qd4 30. Qg3 Rdf8 31. Qg4+ Kc7 32. Qe2 Rf2 33.
Qg4 Rf1+ 34. Rxf1 Rxf1+ 35. Kh2 Qg1+ 36. Kg3 Qf2+ 37. Kh2 Qe1 38. Rxb7+ Kxb7
39. Qd7+ Kb6 0-1

[Event "ONJK 2017 B"]
[Site "Borne, Netherlands"]
[Date "2017.08.08"]
[Round "3"]
[White "Vleming, Stefan"]
[Black "Van Aken, Jelmer"]
[Result "1-0"]
[WhiteElo "1652"]
[BlackElo "1395"]
[PlyCount "63"]
[EventDate "2017.08.??"]

1. d4 Nf6 2. c4 e6 3. Nc3 Bb4 4. Bg5 h6 5. Bh4 b6 6. a3 Bxc3+ 7. bxc3 Bb7 8. e3
g5 9. Bg3 Ne4 10. Qc2 Nxg3 11. hxg3 Qe7 12. Nf3 d6 13. e4 Nd7 14. Bd3 O-O-O 15.
Kd2 Rhf8 16. Qa4 Kb8 17. Kc2 Rh8 18. Nd2 Nf6 19. f3 Ne8 20. Nb3 c5 21. d5 Nc7
22. Nd2 Rdf8 23. Rhe1 exd5 24. cxd5 h5 25. Qb3 Qe5 26. Nc4 Qxg3 27. Nxb6 axb6
28. Qxb6 Kc8 29. Rab1 Ba8 30. e5 Bxd5 31. exd6 Ne6 32. Rxe6 1-0